5HLuxD.jpg

KING HENRY VIII SENIOR AND PRIMARY SCHOOL LIBRARY OPAC

Wonders of the universe / (Record no. 346)

000 -LEADER
fixed length control field 01090pam a2200373 a 4500
001 - CONTROL NUMBER
control field 017535731
003 - CONTROL NUMBER IDENTIFIER
control field UkOxU
005 - DATE AND TIME OF LATEST TRANSACTION
control field 20190807085302.0
008 - FIXED-LENGTH DATA ELEMENTS--GENERAL INFORMATION
fixed length control field 101018s2011 enka 001 0 eng c
015 ## - NATIONAL BIBLIOGRAPHY NUMBER
National bibliography number GBB0C4346
Source bnb
020 ## - INTERNATIONAL STANDARD BOOK NUMBER
International Standard Book Number 9780007395828 (hbk.) :
020 ## - INTERNATIONAL STANDARD BOOK NUMBER
International Standard Book Number 0007395825 (hbk.) :
035 ## - SYSTEM CONTROL NUMBER
System control number (WlAbNL)vtls006093877
035 ## - SYSTEM CONTROL NUMBER
System control number (Uk)015673560
038 ## - RECORD CONTENT LICENSOR
Record content licensor Uk
040 ## - CATALOGING SOURCE
Original cataloging agency StDuBDS
Language of cataloging eng
Transcribing agency StDuBDS
Modifying agency WlAbNL
-- UkOxU
042 ## - AUTHENTICATION CODE
Authentication code ukscp
082 04 - DEWEY DECIMAL CLASSIFICATION NUMBER
Classification number 523.1 COX
Edition number 22
100 1# - MAIN ENTRY--PERSONAL NAME
Personal name Cox, Brian,
Dates associated with a name 1968-
Relator term author
245 10 - TITLE STATEMENT
Title Wonders of the universe /
Statement of responsibility, etc. Brian Cox & Andrew Cohen.
260 ## - PUBLICATION, DISTRIBUTION, ETC.
Place of publication, distribution, etc. London :
Name of publisher, distributor, etc. Collins,
Date of publication, distribution, etc. c2011.
300 ## - PHYSICAL DESCRIPTION
Extent 256 p. :
Other physical details ill. (chiefly col.) ;
Dimensions 29 cm.
490 ## - SERIES STATEMENT
Series statement BBC TV series
500 ## - GENERAL NOTE
General note "BBC"--Cover.
500 ## - GENERAL NOTE
General note TV tie-in.
500 ## - GENERAL NOTE
General note Includes index.
651 #0 - SUBJECT ADDED ENTRY--GEOGRAPHIC NAME
Geographic name Universe
Form subdivision Popular works.
651 #0 - SUBJECT ADDED ENTRY--GEOGRAPHIC NAME
Geographic name Universe
Form subdivision Pictorial works.
700 1# - ADDED ENTRY--PERSONAL NAME
Personal name Cohen, Andrew
Titles and other words associated with a name (Scientist)
Relator term auhtor
710 2# - ADDED ENTRY--CORPORATE NAME
Corporate name or jurisdiction name as entry element British Broadcasting Corporation.
942 ## - ADDED ENTRY ELEMENTS (KOHA)
Source of classification or shelving scheme
Koha item type Books - Non Ficton
Holdings
Withdrawn status Lost status Source of classification or shelving scheme Damaged status Not for loan Collection code Permanent Location Current Location Shelving location Date acquired Total Checkouts Full call number Barcode Date last seen Date last checked out Price effective from Koha item type
          Non-Fiction KH8 Senior School Library KH8 Senior School Library Non Fiction 2019-08-07 2 523.1 COX 3KHSL000100332 2023-03-17 2023-03-16 2019-08-07 Books - Non Ficton

Powered By KH8 IT Dept